000 00299nam a22001337a 4500
008 180907b xxu||||| |||| 00| 0 eng d
020 _a9780131453067
041 _aeng
080 _24 ED
_a575
100 _a5
101 _aBIO
245 _aPrinciples Of Biochemistry
_cMoran.H
942 _2udc
_cBK
999 _c47604
_d47604